| 000 | 00697nas a2200241 4500 | ||
|---|---|---|---|
| 001 | BR4800060 | ||
| 003 | BR-BrBNA | ||
| 005 | 20231205081856.0 | ||
| 007 | ta | ||
| 008 | 230509b bl.|||p| |||| 00| 00por d | ||
| 040 |
_aBR-BrBNA _bpor _cBiblioteca Nacional de Agricultura |
||
| 041 | _a(Pt) | ||
| 072 | _aE15 | ||
| 100 | 1 | _aMenezes, V. de | |
| 245 | 1 | _aOs juros do capital na despesa da cooperativa | |
| 650 | _aMicroeconomia | ||
| 650 | _aCooperativa | ||
| 650 | _aCapital | ||
| 650 | _aJuro | ||
| 773 | 0 |
_tBoletim de Cooperativismo do Estado do Rio de Janeiro (Brazil) _x _g(Dec 1948), v. 4(34) p. 9-10, 17 _wBR4800060 |
|
| 909 |
_a202311 _bLúcia _c55 _dLúcia Elande |
||
| 942 |
_2AGRIS _n0 _cANA |
||
| 999 |
_c87492 _d87492 |
||